000 00516nam a2200181Ia 4500
008 090124s9999 xx 000 0 und d
082 _b6262
_a756
100 _aनेहरु जवाहरलाल
245 _a धावतें जग
250 _a1
260 _c1942
300 _a254
600 _aनेहरु जवाहरलाल
630 _a धावतें जग
700 _aनेहरु जवाहरलाल
730 _a धावतें जग
942 _cBOOK
999 _c120203
_d120203